| 000 | 00707nam a2200229 a 4500 | ||
|---|---|---|---|
| 001 | BRCA_7796 | ||
| 005 | 20190320210011.0 | ||
| 008 | 011013s1963----nyua######---#000-0#eng-# | ||
| 041 | _aeng | ||
| 044 | _anyu | ||
| 050 | 4 |
_aN8070 _b.G85 1963 |
|
| 100 | 1 |
_aGuitton, Jean Marie Pierre _919309 |
|
| 245 | 1 | 0 |
_aThe Madonna _ctext by Jean Guitton ; illustrations selected by Chantal Renaudeau d´Arc ; book design by Roger Krause. |
| 260 |
_aNueva York _bTudor _cc1963 |
||
| 300 |
_a143 p. _bil. a color, láminas _c22 cm. |
||
| 500 | _aX53 | ||
| 600 | 1 | 4 |
_aMaría, Virgen _xArte _913622 |
| 700 | 1 |
_aRenaudeau d´Arc, Chantal _eil. _919310 |
|
| 700 | 1 |
_aKrause, Roger _919311 |
|
| 902 | _aGFM | ||
| 942 |
_2lcc _cB |
||
| 999 |
_c7470 _d7470 |
||